Flags to Capitals #1 - Statistics

General Stats
  • This quiz has been taken 58,530 times
    56,781 since last reset
  • The average score is 16 of 20
Answer Stats
Picture Answer % Correct
Brasilia
94%
New Delhi
94%
Ottawa
94%
Berlin
93%
Athens
92%
Beijing
92%
Madrid
92%
Canberra
88%
Kyiv
88%
Amsterdam
86%
Buenos Aires
85%
Ankara
83%
Budapest
76%
Hanoi
72%
Riyadh
70%
Baghdad
67%
Kuala Lumpur
67%
Caracas
62%
Rabat
62%
Dodoma
36%
No matching quizzes found
Score Distribution
Percent of People with Each Score
Percentile by Number Answered
Your Score History
You have not taken this quiz since the last reset